000 00914nam a2200253Ia 4500
003 OSt
005 20221005104419.0
006 a|||||r|||| 00| 0
007 ta
008 221004b |||||||| |||| 00| 0 hin d
020 _a9788126316953 (hbk)
_c120
024 _a105822
037 _b0/00971-D5, 18/03/2011, Bharatiya Gyanpith
_cTextual
040 _aCRL
_cCRL
_bhin
041 _2hin
_ahin
082 _aO152,1N71x, P9
100 _aचतुर्वेदी, सन्तोष कुमार
_9159621
245 0 _aपहली बार
246 _aPahalī bāra
260 _aदिल्ली
_bभारतीय ज्ञानपीठ भारत
_c2009
300 _a128पृ0
_ccm.
942 _hO152,1N71x, P9
_cTEXL
_2cc
999 _c1012649
_d1012649